[Event "CYCC U16"]
[Site "Quebec CAN"]
[Date "2008.07.15"]
[Round "3"]
[White "Thavandiran, Shiyam"]
[Black "Hansen, Eric"]
[Result "1-0"]
[WhiteElo "2372"]
[BlackElo "2347"]
[PlyCount "103"]
[GameId "2160767910354264"]
[EventDate "2008.07.14"]
[EventType "swiss"]
[EventRounds "7"]
[EventCountry "CAN"]
[SourceTitle "EXT 2011"]
[Source "ChessBase"]
[SourceDate "2011.11.26"]
[SourceVersion "1"]
[SourceVersionDate "2011.11.26"]
[SourceQuality "1"]

1. e4 e6 2. Nf3 c5 3. d4 cxd4 4. Nxd4 a6 5. Nc3 Qc7 6. Bd3 Nf6 7. O-O d6 8. Kh1 Nc6 9. Be3 Be7 10. a4 O-O 11. f4 b6 12. e5 dxe5 13. Nxc6 Qxc6 14. fxe5 Bb7 15. Qe2 Nd7 16. Bd4 Nc5 17. Bxc5 Qxc5 18. Rad1 Qb4 19. Qe3 Rad8 20. b3 Qg4 21. Be4 Bxe4 22. Qxe4 Qxe4 23. Nxe4 f5 24. exf6 gxf6 25. g4 Kg7 26. Kg2 h5 27. h3 hxg4 28. hxg4 Rxd1 29. Rxd1 Rd8 30. Re1 Rc8 31. Re2 Bb4 32. Kf3 Rd8 33. Nf2 Kf7 34. Re4 Bd6 35. Rc4 Ke7 36. Ne4 Be5 37. Rc6 Rb8 38. a5 Kd7 39. Rxb6 Rxb6 40. axb6 Kc6 41. b7 f5 42. Ng5 Kd7 43. Nf7 Bb8 44. g5 Ke7 45. g6 e5 46. Nd8 e4+ 47. Ke2 Kf6 48. Nc6 Bc7 49. b8=Q Bxb8 50. Nxb8 Kxg6 51. Nxa6 Kg5 52. Nc5 1-0

[Event "CYCC U16"]
[Site "Quebec CAN"]
[Date "2008.07.15"]
[Round "3"]
[White "Xu, Haizhou"]
[Black "Lee, Bryan Tsz Hou"]
[Result "1-0"]
[WhiteElo "1609"]
[BlackElo "1845"]
[PlyCount "79"]
[GameId "2160767910354265"]
[EventDate "2008.07.14"]
[EventType "swiss"]
[EventRounds "7"]
[EventCountry "CAN"]

1. e4 c5 2. Nf3 d6 3. d4 cxd4 4. Nxd4 Nf6 5. Nc3 g6 6. Be3 Bg7 7. f3 Nc6 8. Qd2 O-O 9. Bc4 Bd7 10. Nde2 Rc8 11. Bb3 Re8 12. Bh6 Ne5 13. h4 Nc4 14. Bxc4 Rxc4 15. Bxg7 Kxg7 16. h5 Qa5 17. hxg6 fxg6 18. Qh6+ Kf7 19. g4 Rh8 20. O-O-O Bc6 21. Nf4 Ng8 22. Qh4 Qe5 23. g5 Rc5 24. Nfd5 Bxd5 25. f4 Qe6 26. f5 gxf5 27. exd5 Qg6 28. Ne2 e5 29. dxe6+ Qxe6 30. Nf4 Qe4 31. c3 Rc4 32. Qh5+ Kf8 33. Nd5 Rc5 34. Rhe1 Qa4 35. Nf6 Rc7 36. Re8+ Kg7 37. Rxg8+ Rxg8 38. Qxh7+ Kf8 39. Qxg8+ Ke7 40. Re1+ 1-0

[Event "CYCC U16"]
[Site "Quebec CAN"]
[Date "2008.07.15"]
[Round "4"]
[White "Ang, Alan"]
[Black "Page-Fortin, Mathieu"]
[Result "1-0"]
[WhiteElo "2015"]
[BlackElo "1802"]
[PlyCount "43"]
[GameId "2160767910354266"]
[EventDate "2008.07.14"]
[EventType "swiss"]
[EventRounds "7"]
[EventCountry "CAN"]
[SourceTitle "EXT 2011"]
[Source "ChessBase"]
[SourceDate "2011.11.26"]
[SourceVersion "1"]
[SourceVersionDate "2011.11.26"]
[SourceQuality "1"]

1. e4 e6 2. d4 d5 3. Nc3 Nf6 4. e5 Nfd7 5. f4 c5 6. Nce2 Nc6 7. Nf3 b5 8. g4 Qb6 9. Bg2 Ba6 10. c3 b4 11. Be3 Rb8 12. O-O bxc3 13. bxc3 Qb2 14. Re1 cxd4 15. Nexd4 Na5 16. f5 Nc5 17. fxe6 fxe6 18. Ng5 Qxc3 19. Rc1 Qa3 20. Ndxe6 Nc4 21. Qxd5 Nxe6 22. Qxe6+ 1-0

[Event "CYCC U16"]
[Site "Quebec CAN"]
[Date "2008.07.15"]
[Round "4"]
[White "Hansen, Eric"]
[Black "Hambleton, Aman"]
[Result "1-0"]
[WhiteElo "2347"]
[BlackElo "2012"]
[PlyCount "68"]
[GameId "2160767910354267"]
[EventDate "2008.07.14"]
[EventType "swiss"]
[EventRounds "7"]
[EventCountry "CAN"]
[SourceTitle "EXT 2011"]
[Source "ChessBase"]
[SourceDate "2011.11.26"]
[SourceVersion "1"]
[SourceVersionDate "2011.11.26"]
[SourceQuality "1"]

1. e4 e6 2. d4 d5 3. Nc3 Bb4 4. e5 c5 5. a3 Bxc3+ 6. bxc3 Ne7 7. h4 Qc7 8. Nf3 b6 9. h5 h6 10. Rh3 Ba6 11. Bxa6 Nxa6 12. Nh4 Nb8 13. Rg3 cxd4 14. cxd4 Nbc6 15. a4 Na5 16. Ba3 Nc4 17. Rxg7 Nxe5 18. Kf1 Nc4 19. Kg1 Kf8 20. Bxe7+ Kxg7 21. Qg4+ Kh7 22. Bf6 Rhg8 23. Qf3 Nd2 24. Qd3+ Ne4 25. f3 Qc3 26. fxe4 Qxa1+ 27. Kh2 Rg4 28. exd5+ Kg8 29. dxe6 Qe1 30. Nf5 Qc1 31. exf7+ Kxf7 32. Be5 Qg5 33. Qc4+ Ke8 34. Qe6+ Kd8 1-0

[Event "CYCC U16"]
[Site "Quebec CAN"]
[Date "2008.07.15"]
[Round "4"]
[White "Ji, Henry"]
[Black "Deschenes, Marc-Andre"]
[Result "0-1"]
[WhiteElo "1591"]
[BlackElo "1864"]
[PlyCount "69"]
[GameId "2160767910354268"]
[EventDate "2008.07.14"]
[EventType "swiss"]
[EventRounds "7"]
[EventCountry "CAN"]
[SourceTitle "EXT 2011"]
[Source "ChessBase"]
[SourceDate "2011.11.26"]
[SourceVersion "1"]
[SourceVersionDate "2011.11.26"]
[SourceQuality "1"]

1. e4 c5 2. Nf3 a6 3. d4 cxd4 4. Nxd4 Nf6 5. Nc3 e5 6. Nb3 Bb4 7. Bd2 Nc6 8. Bd3 d5 9. exd5 Nxd5 10. Ne4 Bxd2+ 11. Qxd2 Nf4 12. O-O-O Nxd3+ 13. Qxd3 Qxd3 14. Rxd3 O-O 15. Rd2 Bg4 16. f3 Be6 17. Nbc5 Nd8 18. Rhd1 h6 19. Nd7 Bxd7 20. Rxd7 b6 21. Nd6 b5 22. Rd5 Nc6 23. Rc7 Nb4 24. Rxe5 Nxa2+ 25. Kb1 Nb4 26. Ree7 Nd5 27. Rxf7 Nxc7 28. Rxc7 Rad8 29. Ne4 Rf7 30. Rc6 a5 31. Rb6 b4 32. Kc1 Rfd7 33. b3 Rd1+ 34. Kb2 Rg1 35. Ra6 0-1

[Event "CYCC U16"]
[Site "Quebec CAN"]
[Date "2008.07.15"]
[Round "4"]
[White "Kaufman, Harris"]
[Black "Rakov, Pavel"]
[Result "1-0"]
[WhiteElo "1891"]
[BlackElo "1970"]
[PlyCount "107"]
[GameId "2160767910354269"]
[EventDate "2008.07.14"]
[EventType "swiss"]
[EventRounds "7"]
[EventCountry "CAN"]
[SourceTitle "EXT 2011"]
[Source "ChessBase"]
[SourceDate "2011.11.26"]
[SourceVersion "1"]
[SourceVersionDate "2011.11.26"]
[SourceQuality "1"]

1. e4 c6 2. d4 d5 3. Nd2 dxe4 4. Nxe4 Nd7 5. Nf3 Ngf6 6. Nxf6+ Nxf6 7. Ne5 Bf5 8. c3 e6 9. g4 Bg6 10. h4 h6 11. Nxg6 fxg6 12. Bd3 Qd5 13. Bxg6+ Kd7 14. Rg1 Bd6 15. Be3 Kc7 16. Qb3 Qf3 17. Qd1 Qh3 18. g5 Nd5 19. Qe2 Nxe3 20. Qxe3 Qxh4 21. Qxe6 Rhf8 22. Qe3 hxg5 23. Ke2 Rf6 24. Rxg5 Rxf2+ 25. Qxf2 Qxg5 26. Rg1 Qb5+ 27. Kd1 Rf8 28. Qe2 Qd5 29. Be4 Qxa2 30. Rxg7+ Kb6 31. Rxb7+ Kxb7 32. Qb5+ Kc8 33. Qxc6+ Bc7 34. Qa8+ Kd7 35. Qxf8 Qa1+ 36. Kc2 Qa4+ 37. Kd2 Qb3 38. Bf5+ Kc6 39. Qc5+ Kb7 40. Be4+ Kc8 41. Qf5+ Kd8 42. Qd5+ Qxd5 43. Bxd5 Kd7 44. c4 a6 45. b3 Bd6 46. c5 Bh2 47. Kd3 Bg1 48. Kc4 Kc7 49. Be4 Be3 50. d5 Bd2 51. d6+ Kd7 52. Kd5 a5 53. c6+ Kc8 54. Bf5+ 1-0

[Event "CYCC U16"]
[Site "Quebec CAN"]
[Date "2008.07.15"]
[Round "4"]
[White "Lee, Bryan Tsz Hou"]
[Black "Me, Kevin"]
[Result "0-1"]
[WhiteElo "1845"]
[BlackElo "1880"]
[PlyCount "82"]
[GameId "2160767910354270"]
[EventDate "2008.07.14"]
[EventType "swiss"]
[EventRounds "7"]
[EventCountry "CAN"]
[SourceTitle "EXT 2011"]
[Source "ChessBase"]
[SourceDate "2011.11.26"]
[SourceVersion "1"]
[SourceVersionDate "2011.11.26"]
[SourceQuality "1"]

1. e4 c5 2. Nf3 d6 3. d4 cxd4 4. Nxd4 Nf6 5. Nc3 a6 6. Be3 e5 7. Nb3 Be6 8. f3 Nbd7 9. Qd2 Qc7 10. g4 Nc5 11. h4 b5 12. g5 Nfd7 13. O-O-O Bxb3 14. axb3 b4 15. Bxc5 bxc3 16. Qd5 Rc8 17. Bxa6 Qa5 18. bxc3 Qxa6 19. Bb4 Be7 20. c4 Nc5 21. Bc3 O-O 22. Rhg1 Ne6 23. Rdf1 Nf4 24. Qd1 Qa7 25. Qe1 Ra8 26. Rh1 Qc5 27. Qf2 Qa3+ 28. Bb2 Qb4 29. Qd2 Qb7 30. Qf2 Ra2 31. Rd1 Rc8 32. Qf1 Qb6 33. Re1 Rca8 34. Qg1 Qb4 35. h5 Bd8 36. g6 Bb6 37. gxf7+ Kxf7 38. Qg4 Ra1+ 39. Bxa1 Rxa1+ 40. Kb2 Bd4+ 41. c3 Qxc3# 0-1

[Event "CYCC U16"]
[Site "Quebec CAN"]
[Date "2008.07.15"]
[Round "4"]
[White "MacKinnon, Keith"]
[Black "Mai, Lloyd"]
[Result "0-1"]
[WhiteElo "2070"]
[BlackElo "2273"]
[PlyCount "118"]
[GameId "2160767910354271"]
[EventDate "2008.07.14"]
[EventType "swiss"]
[EventRounds "7"]
[EventCountry "CAN"]
[SourceTitle "EXT 2011"]
[Source "ChessBase"]
[SourceDate "2011.11.26"]
[SourceVersion "1"]
[SourceVersionDate "2011.11.26"]
[SourceQuality "1"]

1. e4 c5 2. Nf3 d6 3. d4 cxd4 4. Nxd4 Nf6 5. Nc3 g6 6. Be2 Bg7 7. Be3 O-O 8. O-O Nc6 9. Qd2 Ng4 10. Bxg4 Bxg4 11. f3 Bd7 12. Rad1 Ne5 13. b3 Bc6 14. Nce2 Qc7 15. c4 a6 16. Nc3 Rfd8 17. Rc1 e6 18. Rfd1 Qe7 19. Nde2 f5 20. Ng3 Rd7 21. Rf1 b5 22. cxb5 axb5 23. Nce2 Bb7 24. exf5 gxf5 25. Nh5 Ng6 26. Nxg7 Qxg7 27. Nd4 f4 28. Bf2 e5 29. Nxb5 Bxf3 30. gxf3 Nh4+ 31. Bg3 Kh8 32. Kf2 fxg3+ 33. hxg3 Nf5 34. Rg1 d5 35. Qc2 Qf6 36. a4 e4 37. Qc6 e3+ 38. Ke2 Qxc6 39. Rxc6 d4 40. Kd3 Re8 41. Re1 Nxg3 42. Nd6 Rf8 43. Kxd4 Rxf3 44. Rxe3 Nf5+ 45. Ke4 Rxe3+ 46. Kxf5 Rxb3 47. Ke6 Ra7 48. Kf6 Rf3+ 49. Nf5 Ra8 50. Ke6 Rf8 51. Rc5 Ra3 52. Ke7 Ra8 53. Nd6 h6 54. Rh5 Kh7 55. Nf7 Ra6 56. Kf8 R3xa4 57. Ke7 R4a5 58. Rh3 Rg6 59. Nd8 Ra7+ 0-1

[Event "CYCC U16"]
[Site "Quebec CAN"]
[Date "2008.07.15"]
[Round "4"]
[White "Martchenko, Alexander"]
[Black "Thavandiran, Shiyam"]
[Result "0-1"]
[WhiteElo "2243"]
[BlackElo "2372"]
[PlyCount "102"]
[GameId "2160767910354272"]
[EventDate "2008.07.14"]
[EventType "swiss"]
[EventRounds "7"]
[EventCountry "CAN"]
[SourceTitle "EXT 2011"]
[Source "ChessBase"]
[SourceDate "2011.11.26"]
[SourceVersion "1"]
[SourceVersionDate "2011.11.26"]
[SourceQuality "1"]

1. e4 d5 2. exd5 Nf6 3. d4 Nxd5 4. c4 Nb6 5. Nc3 e5 6. Be3 exd4 7. Bxd4 Nc6 8. Be3 Qxd1+ 9. Rxd1 Bb4 10. Bd2 O-O 11. b3 Bf5 12. Nf3 Rfe8+ 13. Be2 Rad8 14. Rc1 Ba3 15. O-O Bxc1 16. Rxc1 Bd3 17. Be3 Bxe2 18. Nxe2 Ne5 19. Ned4 Nxf3+ 20. Nxf3 Nd7 21. Nd4 c6 22. Kf1 Ne5 23. h3 g6 24. Ke2 f5 25. g3 c5 26. Nb5 f4 27. gxf4 Nd3 28. Rg1 Nxf4+ 29. Kf3 Ne6 30. Nc3 Nd4+ 31. Kg2 Kf7 32. Nd5 Ne6 33. Kf3 Rd7 34. Rg4 b6 35. Rg1 Nc7 36. Nc3 Re5 37. Ne4 Ne6 38. Nc3 Rd3 39. Nd5 Nd4+ 40. Kg2 Nc2 41. Bf4 Re4 42. Bb8 Ne1+ 43. Rxe1 Rxe1 44. Bxa7 Re6 45. Nf4 Rd7 46. Nxe6 Rxa7 47. Ng5+ Kf6 48. Ne4+ Ke5 49. Nc3 Ra6 50. Kf3 Kd4 51. Na4 Rxa4 0-1

[Event "CYCC U16"]
[Site "Quebec CAN"]
[Date "2008.07.15"]
[Round "4"]
[White "Poulin, Mathieu"]
[Black "Lai, Matthew"]
[Result "0-1"]
[WhiteElo "1385"]
[BlackElo "1944"]
[PlyCount "92"]
[GameId "2160767910354273"]
[EventDate "2008.07.14"]
[EventType "swiss"]
[EventRounds "7"]
[EventCountry "CAN"]
[SourceTitle "EXT 2011"]
[Source "ChessBase"]
[SourceDate "2011.11.26"]
[SourceVersion "1"]
[SourceVersionDate "2011.11.26"]
[SourceQuality "1"]

1. d4 Nf6 2. c4 c5 3. e3 g6 4. Nc3 cxd4 5. exd4 Bg7 6. Nf3 O-O 7. Be2 d5 8. b3 Nc6 9. Be3 Ne4 10. Qc2 Qa5 11. Rc1 Bf5 12. Bd3 Nb4 13. Qe2 Nxd3+ 14. Qxd3 Nxf2 15. Qd2 Nxh1 16. Nxd5 Qxd2+ 17. Kxd2 e6 18. Ne7+ Kh8 19. Nxf5 gxf5 20. Rxh1 Rfd8 21. Kc3 Bf6 22. Ne5 Kg7 23. Rf1 Bxe5 24. dxe5 f6 25. Bd4 fxe5 26. Bxe5+ Kg6 27. Rf3 h5 28. h4 Kf7 29. Re3 Rg8 30. g3 Rad8 31. Bf4 Rg4 32. b4 Rd7 33. a4 Rg8 34. c5 Rc8 35. Kc4 Rcd8 36. Kb5 Rc8 37. a5 Rcd8 38. Bd6 Rc8 39. Bf4 Rd4 40. Re2 a6+ 41. Ka4 Rxc5 42. Re5 Rxe5 43. Bxe5 Rd5 44. Bc3 e5 45. Kb3 e4 46. Kc4 Ke6 0-1

[Event "CYCC U16"]
[Site "Quebec CAN"]
[Date "2008.07.16"]
[Round "5"]
[White "Ang, Alan"]
[Black "Martchenko, Alexander"]
[Result "0-1"]
[WhiteElo "2015"]
[BlackElo "2243"]
[PlyCount "98"]
[GameId "2160767910354274"]
[EventDate "2008.07.14"]
[EventType "swiss"]
[EventRounds "7"]
[EventCountry "CAN"]
[SourceTitle "EXT 2011"]
[Source "ChessBase"]
[SourceDate "2011.11.26"]
[SourceVersion "1"]
[SourceVersionDate "2011.11.26"]
[SourceQuality "1"]

1. e4 c5 2. Nf3 Nc6 3. d4 cxd4 4. Nxd4 g6 5. Nc3 Bg7 6. Be3 Nf6 7. Be2 d6 8. Qd2 Bd7 9. O-O-O O-O 10. h4 h5 11. f3 Ne5 12. Bg5 Rc8 13. g4 Nc4 14. Bxc4 Rxc4 15. gxh5 Nxh5 16. Qe3 Kh7 17. f4 Qb6 18. e5 dxe5 19. fxe5 f6 20. Nd5 Qa5 21. Nb3 Qxa2 22. Nc3 Rxc3 23. Qxc3 Rc8 24. Qb4 Bf5 25. Nd4 Rc4 26. Qa3 Qxa3 27. bxa3 fxg5 28. Nxf5 gxf5 29. hxg5 Kg6 30. Rd7 Bxe5 31. Rxe7 Bf4+ 32. Kb2 Rc7 33. Re8 Bxg5 34. Re6+ Nf6 35. Rf1 f4 36. Re5 Ng4 37. Re8 Kf5 38. Rf8+ Bf6+ 39. Kc1 b6 40. Re8 Ne5 41. Rf8 Rc6 42. Rg8 f3 43. Rg2 Bg5+ 44. Kb2 Bf4 45. Rg8 Ke4 46. Re8 Rc5 47. Rh8 Nc4+ 48. Ka2 Ne3 49. Re8+ Be5 0-1

[Event "CYCC U16"]
[Site "Quebec CAN"]
[Date "2008.07.16"]
[Round "5"]
[White "Deschenes, Marc-Andre"]
[Black "Poulin, Mathieu"]
[Result "1-0"]
[WhiteElo "1864"]
[BlackElo "1385"]
[PlyCount "99"]
[GameId "2160767910354275"]
[EventDate "2008.07.14"]
[EventType "swiss"]
[EventRounds "7"]
[EventCountry "CAN"]
[SourceTitle "EXT 2011"]
[Source "ChessBase"]
[SourceDate "2011.11.26"]
[SourceVersion "1"]
[SourceVersionDate "2011.11.26"]
[SourceQuality "1"]

1. e4 c6 2. d4 d5 3. Nc3 dxe4 4. Nxe4 Bf5 5. Ng3 Bg6 6. h4 h6 7. Nf3 Nd7 8. Bd3 Bxd3 9. Qxd3 e6 10. Bf4 Qa5+ 11. Bd2 Qc7 12. O-O-O Ngf6 13. c4 c5 14. d5 exd5 15. Rhe1+ Kd8 16. cxd5 Bd6 17. Nf5 Ne8 18. Bc3 Rg8 19. Qe2 Nef6 20. Nxd6 Qxd6 21. Ne5 Nxe5 22. Bxe5 Qd7 23. Bxf6+ gxf6 24. d6 Kc8 25. Qf3 Kb8 26. Qxf6 a6 27. g3 Ka7 28. Re7 Qb5 29. Qxh6 Rad8 30. Qe3 Ka8 31. Qf4 Rg6 32. h5 Re6 33. Rxe6 fxe6 34. h6 c4 35. h7 Qd7 36. Qf6 c3 37. h8=Q cxb2+ 38. Kb1 Rxh8 39. Qxh8+ Ka7 40. Qxb2 Qh7+ 41. Qc2 Qh5 42. d7 Qb5+ 43. Ka1 e5 44. d8=Q a5 45. Qd5 Qb4 46. Qdc5+ b6 47. Qxb4 axb4 48. Rd7+ Kb8 49. Qc7+ Ka8 50. Qb7# 1-0

[Event "CYCC U16"]
[Site "Quebec CAN"]
[Date "2008.07.16"]
[Round "5"]
[White "Hambleton, Aman"]
[Black "Kaufman, Harris"]
[Result "1/2-1/2"]
[WhiteElo "2012"]
[BlackElo "1891"]
[PlyCount "58"]
[GameId "2160767910354276"]
[EventDate "2008.07.14"]
[EventType "swiss"]
[EventRounds "7"]
[EventCountry "CAN"]
[SourceTitle "EXT 2011"]
[Source "ChessBase"]
[SourceDate "2011.11.26"]
[SourceVersion "1"]
[SourceVersionDate "2011.11.26"]
[SourceQuality "1"]

1. d4 Nf6 2. c4 g6 3. Nc3 d5 4. cxd5 Nxd5 5. e4 Nxc3 6. bxc3 Bg7 7. Bc4 O-O 8. Ne2 c5 9. O-O Nc6 10. Be3 cxd4 11. cxd4 Na5 12. Bd3 Bg4 13. Rc1 Rc8 14. Qd2 Rxc1 15. Rxc1 e5 16. d5 b6 17. f3 Bd7 18. Qb2 f5 19. Qa3 fxe4 20. fxe4 Bf6 21. Rf1 Be7 22. Rxf8+ Qxf8 23. Qc3 Bc5 24. Bxc5 Qxc5+ 25. Qxc5 bxc5 26. Kf2 Nb7 27. Ke3 Nd6 28. Ng1 Kf7 29. Nf3 Kf6 1/2-1/2

[Event "CYCC U16"]
[Site "Quebec CAN"]
[Date "2008.07.16"]
[Round "5"]
[White "Lai, Matthew"]
[Black "MacKinnon, Keith"]
[Result "1-0"]
[WhiteElo "1944"]
[BlackElo "2070"]
[PlyCount "71"]
[GameId "2160767910354277"]
[EventDate "2008.07.14"]
[EventType "swiss"]
[EventRounds "7"]
[EventCountry "CAN"]
[SourceTitle "EXT 2011"]
[Source "ChessBase"]
[SourceDate "2011.11.26"]
[SourceVersion "1"]
[SourceVersionDate "2011.11.26"]
[SourceQuality "1"]

1. e4 d5 2. exd5 Qxd5 3. Nc3 Qd6 4. d4 Nf6 5. Be2 c6 6. Be3 Bf5 7. Qd2 Nbd7 8. O-O-O e6 9. a3 Qc7 10. h3 Bd6 11. Nf3 O-O 12. Nh4 Rfe8 13. g4 Bg6 14. Nxg6 hxg6 15. h4 b5 16. g5 Nd5 17. Ne4 Bf8 18. h5 a5 19. h6 a4 20. hxg7 Bxg7 21. Nf6+ N7xf6 22. gxf6 Bxf6 23. Bh6 e5 24. Bg5 Bg7 25. Bh6 Bh8 26. Bg5 exd4 27. Bf3 Qe5 28. Bxd5 cxd5 29. f4 Qf5 30. Rxh8+ Kxh8 31. Qh2+ Kg7 32. Qh6+ Kg8 33. Rh1 Re1+ 34. Rxe1 Rc8 35. Qh2 d3 36. c3 1-0

[Event "CYCC U16"]
[Site "Quebec CAN"]
[Date "2008.07.16"]
[Round "5"]
[White "Mai, Lloyd"]
[Black "Thavandiran, Shiyam"]
[Result "0-1"]
[WhiteElo "2273"]
[BlackElo "2372"]
[PlyCount "96"]
[GameId "2160767910354278"]
[EventDate "2008.07.14"]
[EventType "swiss"]
[EventRounds "7"]
[EventCountry "CAN"]
[SourceTitle "EXT 2011"]
[Source "ChessBase"]
[SourceDate "2011.11.26"]
[SourceVersion "1"]
[SourceVersionDate "2011.11.26"]
[SourceQuality "1"]

1. e4 d5 2. exd5 Nf6 3. d4 Nxd5 4. c4 Nb6 5. Nc3 e5 6. Be3 exd4 7. Qxd4 Qxd4 8. Bxd4 Nc6 9. Be3 Bb4 10. Bd2 Bf5 11. O-O-O O-O-O 12. Nf3 Rhe8 13. Nh4 Bg4 14. f3 Be6 15. g4 Nxc4 16. Bxc4 Bxc4 17. Rhe1 Rxe1 18. Bxe1 Ne5 19. a3 Be7 20. Bg3 Bxh4 21. Rxd8+ Kxd8 22. Bxe5 f6 23. Bd4 Bg5+ 24. Kc2 b6 25. Ne4 Bf4 26. g5 fxg5 27. Bxg7 Bxh2 28. Bf6+ Ke8 29. Bxg5 Kf7 30. Be3 h5 31. b4 Kg6 32. a4 Be2 33. Ng5 Bd6 34. Kd2 Be7 35. Kxe2 Bxg5 36. f4 Be7 37. b5 Kf5 38. Kf3 Bb4 39. Bd4 Bc5 40. Bc3 h4 41. Be1 h3 42. Kg3 Bd6 43. Kxh3 Bxf4 44. Bf2 Bd6 45. a5 bxa5 46. Bxa7 a4 47. b6 cxb6 48. Bxb6 a3 0-1

[Event "CYCC U16"]
[Site "Quebec CAN"]
[Date "2008.07.16"]
[Round "5"]
[White "Me, Kevin"]
[Black "Hansen, Eric"]
[Result "0-1"]
[WhiteElo "1880"]
[BlackElo "2347"]
[PlyCount "122"]
[GameId "2160767910354279"]
[EventDate "2008.07.14"]
[EventType "swiss"]
[EventRounds "7"]
[EventCountry "CAN"]
[SourceTitle "EXT 2011"]
[Source "ChessBase"]
[SourceDate "2011.11.26"]
[SourceVersion "1"]
[SourceVersionDate "2011.11.26"]
[SourceQuality "1"]

1. e4 e6 2. d4 d5 3. Nc3 Bb4 4. e5 Ne7 5. Bd2 b6 6. f4 Ba6 7. Bxa6 Nxa6 8. Qe2 Nb8 9. Qg4 Nf5 10. Nge2 Nc6 11. a3 Bf8 12. O-O-O Qd7 13. Qh3 Ncxd4 14. g4 Nxe2+ 15. Nxe2 Ne7 16. Qf3 O-O-O 17. Rhf1 Nc6 18. Bc3 Be7 19. Qd3 h5 20. h3 hxg4 21. hxg4 Rh4 22. g5 g6 23. Qa6+ Kb8 24. Bd4 Rdh8 25. Bg1 Qc8 26. Qb5 Qb7 27. Kb1 a6 28. Qd3 Rh3 29. Qd2 Na5 30. Nc3 Nc4 31. Qe1 Qc6 32. Rd3 Kb7 33. Ka1 Na5 34. Kb1 Rxd3 35. cxd3 Rh3 36. Qd2 d4 37. Ne4 Qb5 38. Nd6+ Bxd6 39. Qg2+ Nc6 40. Qxh3 Bxa3 41. Rf2 Bc5 42. Qf3 Ka7 43. Qd1 Nb4 44. Rd2 Qc6 45. Qb3 a5 46. Qd1 Qd5 47. b3 Qd7 48. Bf2 Nd5 49. Ka1 Bb4 50. Bxd4 Nxf4 51. Be3 Bxd2 52. Qxd2 Nxd3 53. Qxa5+ Kb7 54. Qc3 Qd5 55. Bd4 c5 56. Be3 Qxe5 57. Qxe5 Nxe5 58. Kb2 Kc6 59. Kc3 Kd5 60. b4 Nc6 61. bxc5 bxc5 0-1

[Event "CYCC U16"]
[Site "Quebec CAN"]
[Date "2008.07.16"]
[Round "5"]
[White "Page-Fortin, Mathieu"]
[Black "Dawson, Jeffrey"]
[Result "1-0"]
[WhiteElo "1802"]
[BlackElo "1336"]
[PlyCount "67"]
[GameId "2160767910354280"]
[EventDate "2008.07.14"]
[EventType "swiss"]
[EventRounds "7"]
[EventCountry "CAN"]
[SourceTitle "EXT 2011"]
[Source "ChessBase"]
[SourceDate "2011.11.26"]
[SourceVersion "1"]
[SourceVersionDate "2011.11.26"]
[SourceQuality "1"]

1. e4 d5 2. exd5 Qxd5 3. Nc3 Qa5 4. Nf3 Bg4 5. d4 e6 6. Be2 Nf6 7. Bd2 c6 8. O-O Nbd7 9. h3 Bh5 10. a3 Be7 11. b4 Qc7 12. Qc1 O-O 13. Re1 Rad8 14. Rb1 Nb6 15. g4 Bxg4 16. hxg4 Nxg4 17. Bf4 Bd6 18. Bxd6 Rxd6 19. Qf4 Nf6 20. Kh1 Nc8 21. Rg1 Ne7 22. Qxf6 Ng6 23. Qg5 f6 24. Qg3 Qd7 25. Rg2 Rf7 26. Bd3 f5 27. Re1 Qe7 28. Qh2 Rd7 29. Ng5 Rf6 30. Nxh7 Rf7 31. Rxg6 Rxd4 32. Ng5 Rf6 33. Qh7+ Kf8 34. Qh8# 1-0

[Event "CYCC U16"]
[Site "Quebec CAN"]
[Date "2008.07.16"]
[Round "5"]
[White "Rakov, Pavel"]
[Black "Lee, Bryan Tsz Hou"]
[Result "1-0"]
[WhiteElo "1970"]
[BlackElo "1845"]
[PlyCount "83"]
[GameId "2160767910354281"]
[EventDate "2008.07.14"]
[EventType "swiss"]
[EventRounds "7"]
[EventCountry "CAN"]
[SourceTitle "EXT 2011"]
[Source "ChessBase"]
[SourceDate "2011.11.26"]
[SourceVersion "1"]
[SourceVersionDate "2011.11.26"]
[SourceQuality "1"]

1. d4 Nf6 2. Nf3 g6 3. c4 Bg7 4. g3 d6 5. Bg2 O-O 6. O-O Nc6 7. Nc3 Bg4 8. h3 Bxf3 9. Bxf3 Nd7 10. e3 e5 11. d5 Ne7 12. e4 f5 13. Rb1 a5 14. a3 Kh8 15. Qe2 Nc8 16. b4 axb4 17. axb4 f4 18. Bg4 Rf6 19. Bd2 h5 20. Be6 Nf8 21. Bxc8 Qxc8 22. Kh2 Nh7 23. Rg1 Ng5 24. g4 h4 25. f3 Rf8 26. Ra1 Bf6 27. Rgb1 Qd7 28. Be1 Nf7 29. Bf2 g5 30. Qb2 Kh7 31. Kg2 Rfc8 32. Rxa8 Rxa8 33. Ra1 Rxa1 34. Qxa1 Qc8 35. Qa7 Kg6 36. c5 Bd8 37. c6 b6 38. Qb7 Qxb7 39. cxb7 c5 40. b8=Q cxb4 41. Nb1 b3 42. Bxb6 1-0

[Event "CYCC U16"]
[Site "Quebec CAN"]
[Date "2008.07.16"]
[Round "6"]
[White "Dawson, Jeffrey"]
[Black "Ji, Henry"]
[Result "0-1"]
[WhiteElo "1336"]
[BlackElo "1591"]
[PlyCount "60"]
[GameId "2160767910354282"]
[EventDate "2008.07.14"]
[EventType "swiss"]
[EventRounds "7"]
[EventCountry "CAN"]
[SourceTitle "EXT 2011"]
[Source "ChessBase"]
[SourceDate "2011.11.26"]
[SourceVersion "1"]
[SourceVersionDate "2011.11.26"]
[SourceQuality "1"]

1. f4 d5 2. b3 Bf5 3. Bb2 e6 4. e3 Nf6 5. h3 Ne4 6. Nf3 Ng3 7. Rg1 Nd7 8. d3 Bb4+ 9. Kf2 Nxf1 10. Rxf1 f6 11. Nd4 Bc5 12. Nxf5 exf5 13. Qe2 Qe7 14. Re1 O-O-O 15. Nd2 Rde8 16. Nf1 Rhg8 17. Kg1 g5 18. fxg5 Rxg5 19. Qf3 Reg8 20. Qxd5 f4 21. Qf3 fxe3 22. Nxe3 Bxe3+ 23. Rxe3 Rxg2+ 24. Kh1 Qg7 25. Ree1 Rg3 26. Qf5 Qh6 27. Re2 Rxh3+ 28. Qxh3 Qxh3+ 29. Rh2 Qf3+ 30. Rg2 Qxg2# 0-1

[Event "CYCC U16"]
[Site "Quebec CAN"]
[Date "2008.07.16"]
[Round "6"]
[White "Deschenes, Marc-Andre"]
[Black "Ang, Alan"]
[Result "1-0"]
[WhiteElo "1864"]
[BlackElo "2015"]
[PlyCount "79"]
[GameId "2160767910354283"]
[EventDate "2008.07.14"]
[EventType "swiss"]
[EventRounds "7"]
[EventCountry "CAN"]
[SourceTitle "EXT 2011"]
[Source "ChessBase"]
[SourceDate "2011.11.26"]
[SourceVersion "1"]
[SourceVersionDate "2011.11.26"]
[SourceQuality "1"]

1. e4 e6 2. d4 d5 3. Nd2 Nf6 4. e5 Nfd7 5. c3 c5 6. Ndf3 Nc6 7. Bd3 Qc7 8. Ne2 b6 9. Be3 Bb7 10. Rc1 c4 11. Bc2 O-O-O 12. Ng5 Ndb8 13. Nxh7 f6 14. Nf4 Re8 15. exf6 Bd6 16. Qg4 Rxh7 17. Bxh7 gxf6 18. Bg6 f5 19. Qf3 Re7 20. Nxe6 Rxe6 21. Bxf5 Nd8 22. g3 Nd7 23. Bxe6 Nxe6 24. Kd2 Ndf8 25. h4 b5 26. h5 Bc6 27. Qf5 Qe7 28. Bh6 Bd7 29. Rce1 Nxd4 30. cxd4 Bxf5 31. Rxe7 Bxe7 32. Bxf8 Bxf8 33. h6 Bh7 34. g4 Be7 35. f4 Bf6 36. Ke3 Kd7 37. g5 Bh8 38. Rg1 Bg6 39. f5 Bxf5 40. g6 1-0